000 02004nam0a2200325 i 4500
001 RU\NLR\bibl\2037818
005 20260408043849.0
010 _a9785903358991
_9100
021 _aRU
_b2013-35336
_92419
035 _a(NLR Aleph) 002025174
090 _a4523633
_c4523633
100 _a20130529d2013 u||y0rusy50 ca
101 0 _arus
102 _aRU
105 _aa||||||||||||
200 1 _aДиагностика состояния инновационно ориентированного предприятия
_eучебное пособие
_eдля подготовки магистров по направлению080100.68 "Экономика" программы "Управление инновационным развитием социально-экономических систем"
_fГБОУ ВПО "Башкир. акад. гос. службы и упр. при Президенте Респ. Башкортостан", Фак. экономики и упр., Каф. инновационной экономики
_g[Валинурова Л.С. и др.]
210 _aУфа
_cГБОУ ВПО БАГСУ
_d2013
215 _a109 с.
_cил.
_d21
320 _aБиблиогр.: с. 109 (18 назв.)
606 0 _aПредприятия
_jУчебные издания для высших учебных заведений
_xИнновационная деятельность
_xУправление
_92303305
_3RU\NLR\auth\661378857
686 1 _aУ29(2Р)я73
686 1 _aУ9(2)-55-21(2Р)я73
702 1 _aВалинурова
_bЛ. С.
_gЛилия Сабиховна
_4340
712 0 2 _4570
_aБашкирская академия государственной службы и управления
_cУфа
_bКафедра инновационной экономики
_3RU\NLR\AUTH\8810192006
_9274319
801 0 _aRU
_bNLR
_c20130529
_gRCR
801 1 _aRU
_bNLR
_c20130529
942 _cBOOK
980 _aNBR